Score 0/16 Timer 02:00
0 Plays Today
Question Answer Wrong Answers
Stockholm Sweden
86.8%
Denmark
3.1%
Finland
2%
Norway
2.1%
Helsinki Finland
80.8%
Denmark
3.9%
Sweden
6.2%
Norway
3.2%
Copenhagen Denmark
79.8%
Sweden
4.9%
Finland
3.4%
Norway
5.5%
Malmö Sweden
77.8%
Denmark
4.9%
Finland
5.5%
Norway
5.1%
Gothenburg Sweden
77.3%
Denmark
7.7%
Finland
3.3%
Norway
5.2%
Oslo Norway
77%
Denmark
6.6%
Sweden
6.4%
Finland
4.2%
Turku Finland
69.2%
Denmark
7.5%
Sweden
8%
Norway
8%
Espoo Finland
68.6%
Denmark
7.9%
Sweden
9.4%
Norway
7.2%
Bergen Norway
65.9%
Denmark
9.5%
Sweden
14.3%
Finland
3.5%
Trondheim Norway
62.9%
Denmark
10%
Sweden
15.5%
Finland
4.9%
Aarhus Denmark
62.5%
Sweden
12.5%
Finland
7.6%
Norway
10.5%
Tromsø Norway
61.2%
Denmark
9.1%
Sweden
15.9%
Finland
7.2%
Uppsala Sweden
59.8%
Denmark
7.1%
Finland
19%
Norway
7.3%
Tampere Finland
58.3%
Denmark
12.8%
Sweden
11.4%
Norway
10.5%
Odense Denmark
56.5%
Sweden
14%
Finland
8.8%
Norway
13.5%
Roskilde Denmark
48.8%
Sweden
15.8%
Finland
10%
Norway
18.3%

Today's Daily Dose

Missing Word
1900s A-Z

Word Ladder
Space Firsts

Quick Pick
Salsa

Get the Picture
Body Systems

Remove Ads.
Support Sporcle.
Get the best of Sporcle when you Go Orange. This ad-free experience offers more features, more stats, and more fun while also helping to support Sporcle. Thank you for becoming a member.

You're not logged in!

Compare scores with friends on all Sporcle quizzes.
OR
Log In

Show Comments

Extras

Top Quizzes Today


Score Distribution

Your Account Isn't Verified!

In order to create a playlist on Sporcle, you need to verify the email address you used during registration. Go to your Sporcle Settings to finish the process.

Report this User

Report this user for behavior that violates our Community Guidelines.

Details: